LEADER 00496naa a2200133 i 4500 001 000000329053 003 CaOOAMICUS 005 20180831173612.0 008 180831n it u000 u ita u 013 $a40695 040 $aSeMil$bita 245 14$aGli sposi soggetto di pastorale. 773 0 $tEredità del Concilio attraverso un suo testimone.$dCornuda (TV) : Antilia, 2014.$kTesoro nel campo$z978-88-97336-24-2$gp.113-116$w()243749 996 $6245$aGli sposi soggetto di pastorale$9(OLS)http://semarc/title/417570 LEADER 01046nam a2200205 4500 001 000000347313 003 CaOOAMICUS 005 20210819151055.0 008 210817s it 000 u ita r 040 $aSeMil$bita 100 1 $aKirschner, Bruno.$0(OLS)http://semarc/name/114430 245 10$aAlfabetische Akrosticha in der Syrischen Kirchenpoesie /$cinauguraldissertation zur Erlangung der Doctorwürde der Philosophischen Facultät der Universität Heidelberg vorgelegt von Bruno Kirschner. 264 1$aRoma :$bTipografia poliglotta della S. C. di Propaganda Fide,$c1907. 300 $a113 p. ;$c29 cm 650 4$aEcclesiologia siriaca.$0(OLS)http://semarc/subject/20008 850 $aSeMil 852 $aSeMil$W1$xVenegono$y1$m5A VI 5/16$j227921$B238383$CSeMilBibl$Z2$F238383 $81 996 $6245$aAlfabetische Akrosticha in der Syrischen Kirchenpoesie$9(OLS)http://semarc/title/436583 996 $6264$aRoma :$bTipografia poliglotta della S. C. di Propaganda Fide$9(OLS)http://semarc/publisher/33121